Thần Rủa Yang Con Rung Brah Thô Yang Kon Rung Sử thi M'Nông

Đã lưu trong:
书目详细资料
其他作者: Điểu KLứt (hát kể), Điểu Kâu (biên dịch), Trương Bi (s.t.)
格式: 图书
语言:Vietnamese
出版: H. Khoa học xã hội 2015
主题:
标签: 添加标签
没有标签, 成为第一个标记此记录!
Thư viện lưu trữ: Mạng thư viện Đại học Đà Nẵng
LEADER 01660aam a22004218a 4500
001 000023917
003 20370
005 20160509100500.0
008 160505s2015 viesd
020 |d 2000b 
041 0 |a vie 
082 0 4 |2 23  |a 398.20899593  |b Thâ 
245 0 0 |a Thần Rủa Yang Con Rung Brah Thô Yang Kon Rung  |b Sử thi M'Nông  |c Hát kể: Điểu KLứt ; Trương Bi s.t. ; Điểu Kâu biên dịch 
260 |a H.  |b Khoa học xã hội  |c 2015 
300 |a 327 tr.  |c 21 cm. 
500 |a ĐTTS ghi: Hội Văn nghệ dân gian Việt Nam 
650 0 4 |a Văn học dân gian  |x Sử thi Mnông 
650 0 4 |2 Bộ TK TVQG  |a Sử thi  |x Dân tộc Mnông 
650 7 |2 Bộ TK TVQG 
651 7 |2 Bộ TK TVQG  |a Việt Nam 
653 |a Dân tộc Mnông 
653 |a Sử thi 
655 7 |2 Bộ TK TVQG  |a Sử thi 
700 1 |a Điểu KLứt  |e hát kể 
700 1 |a Điểu Kâu  |e biên dịch 
700 1 |a Trương Bi  |e s.t. 
OWN |a LSP 
AVA |a UDN50  |b LNN  |d 895.922 TR-B  |e available  |t Error 5001 Not defined in file expand_doc_bib_avail.  |f 1  |g 0  |h N  |i 0 
AVA |a UDN50  |b LSP  |d 398.20899593 Thâ  |e available  |t Error 5001 Not defined in file expand_doc_bib_avail.  |f 1  |g 0  |h N  |i 0  |k 1 
999 |a From the UDN01 
AVA |a UDN50  |b LNN  |d 895.922 TR-B  |e available  |t Error 5001 Not defined in file expand_doc_bib_avail.  |f 1  |g 0  |h N  |i 0 
AVA |a UDN50  |b LSP  |d 398.20899593 Thâ  |e available  |t Error 5001 Not defined in file expand_doc_bib_avail.  |f 1  |g 0  |h N  |i 0  |k 1 
TYP |a Monograph 
TYP |a Printed language 
980 |a Mạng thư viện Đại học Đà Nẵng